The ultimate desert handbook : a manual for desert hikers, campers, and travelers (Record no. 74101)

MARC details
000 -LEADER
fixed length control field 00844nam a2200241Ia 4500
008 - FIXED-LENGTH DATA ELEMENTS--GENERAL INFORMATION
fixed length control field 191130s2003##################000#0#eng##
020 ## - INTERNATIONAL STANDARD BOOK NUMBER
ISBN 9780071393034
082 ## - DEWEY DECIMAL CLASSIFICATION NUMBER
Classification number 613.69 JOH
100 ## - MAIN ENTRY--AUTHOR NAME
Personal name Johnson, Mark
245 ## - TITLE STATEMENT
Title The ultimate desert handbook : a manual for desert hikers, campers, and travelers
Statement of responsibility, etc Mark Johnson
260 ## - PUBLICATION, DISTRIBUTION, ETC. (IMPRINT)
Place of publication Camden, ME
Name of publisher Ragged Mountain Press/McGraw Hill
Year of publication c2003
300 ## - PHYSICAL DESCRIPTION
Number of Pages 296 p. : ill. ; 24 cm
500 ## - GENERAL NOTE
General note Includes bibliographical references (p. 282-283) and index
650 ## - SUBJECT ADDED ENTRY--TOPICAL TERM
Topical Term Camping - Handbooks, manuals, etc
Topical Term Desert survival - Handbooks, manuals, etc
Topical Term Hiking - Handbooks, manuals, etc
Topical Term Travelers - Handbooks, manuals, etc
991 ## -
-- 96353
Holdings
Withdrawn status Lost status Damaged status Not for loan Home library Current library Shelving location Date acquired Full call number Accession Number Price effective from Koha item type
        Anna Centenary Library Anna Centenary Library 5TH FLOOR, B WING 09.10.2020 613.69 JOH 471707 09.10.2020 English Books

Find us on the map